000 00709nam a2200229Ia 4500
003 OSt
005 20220925174203.0
006 a|||||r|||| 00| 0
007 ta
008 220923b |||||||| |||| 00| 0 eng d
037 _cGeneral Book
040 _aRTL
_cRTL
_beng
041 _2eng
_aeng
082 _aX9(J741).2.N7, L7
245 0 _aSPOTLIGHT ON jute
260 _aCalcutta
_bIndia Book Exchange India
_c1977
300 _aviii, 131p. Bibliography p.130; Appendix p.120-29
_ccm.
500 _aIndian Institute for Regional Development Studies (Kerala) publication
650 _aJute Industry
_9238351
942 _hX9(J741).2.N7, L7
_cGB
_2CC
999 _c490275
_d490275